000 00767nam a2200217Ii 4500
003 JO-AjNU
008 230605s9999||||xx |||||||||||||| ||und||
020 _a9960-751-36-8
040 _aJO-AjNU
_bara
_erda
_cJO-AjNU
041 _aara
050 1 4 _aLC268 1996
100 3 _aخياط، محمد جميل بن علي,
_eauthor
_939699
245 0 0 _aالإعداد الروحي والخلقي للمعلم والمعلمة
250 _aط2 مزيدة ومنقحة
264 3 1 _aجدة:دار القبلة الثقافية،1996
300 _a256ص
336 _atext
_btxt
_2rdacontent
337 _aunmediated
_bn
_2rdamedia
338 _avolume
_bnc
_2rdacarrier
650 4 _aالمدرسون-تدريب-التربية الإسلامية-العنوان
_939700
999 _aA16788
_c20356
_d20356